|
|
|
|
| LEADER |
00000cam a22000005a 4500 |
| 001 |
vtls010478417 |
| 003 |
SK-MaSNL |
| 005 |
20260302050117.0 |
| 008 |
240314s2012 xo a a 000 j slo |
| 015 |
|
|
|a SNBA2013
|
| 020 |
|
|
|a 9788081350047
|q (brož.)
|
| 035 |
|
|
|a 5EC6194E-ADEF-4CBA-A856-20D85E660061
|
| 035 |
|
|
|a urn:nbn:sk:snk-amjyfr
|
| 035 |
|
|
|a urn:nbn:sk:snk-am007xym
|
| 040 |
|
|
|a SNK
|b slo
|c SNK
|e AACR2
|
| 041 |
1 |
|
|a slo
|h eng
|
| 044 |
|
|
|a xo
|c SK
|
| 072 |
|
7 |
|a 2-23/-27
|x Biblia. Biblistika
|2 konspekt
|
| 072 |
|
7 |
|a 0/9-053.2
|x Literatúra pre deti a mládež (náučná)
|2 konspekt
|
| 080 |
|
|
|a 27-236.5
|2 2001
|
| 080 |
|
|
|a (0:82-32)
|2 2001
|
| 080 |
|
|
|a (0.053.2)
|2 2001
|
| 080 |
|
|
|a (076.1)
|2 2001
|
| 100 |
1 |
|
|a Lane, Leena
|4 aut
|9 544369
|
| 240 |
1 |
0 |
|a Friends of God
|l Slovensky
|
| 245 |
1 |
0 |
|a Priatelia Boha
|b moja prvá Biblia hrou
|c Leena Laneová, Roma Bishopová ; [z anglického originálu preložila Katarína Šedíková]
|
| 246 |
3 |
0 |
|a Moja prvá Biblia hrou - Priatelia Boha
|
| 250 |
|
|
|a [1. vyd.]
|
| 260 |
|
|
|a Bratislava
|b Karmelitánske nakladateľstvo
|c 2012
|
| 300 |
|
|
|a 31 s.
|b fareb. ilustr.
|c 28 cm
|
| 490 |
1 |
|
|a Moja prvá Biblia hrou
|
| 650 |
0 |
7 |
|a biblické príbehy
|2 SNKPH
|9 1916
|
| 650 |
0 |
7 |
|a Bible stories
|2 SNKPHeng
|9 276268
|
| 650 |
0 |
7 |
|a Bible persons
|2 SNKPHeng
|9 276269
|
| 650 |
0 |
7 |
|a Biblical events
|2 SNKPHeng
|9 294650
|
| 650 |
0 |
7 |
|a biblické postavy
|2 SNKPH
|9 4145
|
| 650 |
0 |
7 |
|a biblické udalosti
|2 SNKPH
|9 4157
|
| 655 |
|
7 |
|a publikácie pre deti
|2 SNKPH
|9 70148
|
| 655 |
|
7 |
|a Children's literature
|2 SNKPHeng
|9 276039
|
| 655 |
|
7 |
|a Stories
|2 SNKPHeng
|9 265785
|
| 655 |
|
7 |
|a Activity books
|2 SNKPHeng
|9 302885
|
| 655 |
|
7 |
|a príbehy
|2 SNKPH
|9 70507
|
| 655 |
|
7 |
|a pracovné zošity
|2 SNKPH
|9 70188
|
| 700 |
1 |
|
|a Bishop, Roma
|4 aut
|4 ill
|9 704132
|
| 700 |
1 |
|
|a Šedíková, Katarína
|4 trl
|9 326132
|
| 830 |
|
0 |
|a Moja prvá Biblia hrou
|9 654872
|
| 919 |
|
|
|a 978-80-8135-004-7
|
| 958 |
|
|
|a NT
|
| 958 |
|
|
|a DB
|
| 958 |
|
|
|a OP
|
| 968 |
|
|
|b ENG
|
| 999 |
|
|
|c 1095934
|d 1097864
|
| 952 |
|
|
|a SNK
|b SNK
|y PREZ
|7 0
|p 17A1058282
|o snkSB 84209
|i snk2012/25633
|8 0
|0 0
|1 0
|4 0
|d 2012-12-12
|f 1
|l 0
|r 2025-05-06 00:00:00
|w 2026-02-24
|
| 952 |
|
|
|a SNK
|b SNK
|y PREZ
|7 0
|p 17A1058283
|o snkSB 84209 D1
|i snk2012/25634
|8 0
|0 0
|1 0
|4 0
|d 2012-12-12
|l 0
|r 2016-06-30 00:00:00
|w 2026-02-24
|